[Event "GER Cup Net Final-C U1600"]
[Site "Playchess.com INT"]
[Date "2020.06.06"]
[Round "1"]
[White "Badrinarayanan, Harini"]
[Black "Radeke, Rico"]
[Result "1/2-1/2"]
[WhiteElo "1801"]
[BlackElo "1492"]
[PlyCount "127"]
[EventDate "2020.06.06"]
[EventType "swiss (blitz)"]
[EventRounds "13"]
[EventCountry "GER"]
[SourceTitle "CBM 197 Extra"]
[Source "ChessBase"]
[SourceDate "2020.09.30"]
[SourceVersion "1"]
[SourceVersionDate "2020.09.30"]
[SourceQuality "1"]

1. e4 c5 2. c4 d6 3. Nc3 Nc6 4. g3 Nf6 5. Bg2 g6 6. Nge2 Bg7 7. 0-0 0-0 8. a3 a6 9. Rb1 Rb8 10. b4 b6 11. d3 Ne5 12. bxc5 dxc5 13. Nf4 Bd7 14. Nfd5 Nxd5 15. Nxd5 Bc6 16. f4 Nd7 17. Be3 Nf6 18. e5 Nxd5 19. cxd5 Ba8 20. Qb3 Qd7 21. Rfc1 Rfd8 22. Bxc5 bxc5 23. Qc4 Rxb1 24. Rxb1 Bxd5 25. Bxd5 Qxd5 26. Qxa6 Qd4+ 27. Kg2 Qxd3 28. Qxd3 Rxd3 29. Rb8+ Bf8 30. a4 Kg7 31. a5 Ra3 32. Ra8 e6 33. a6 c4 34. Rc8 c3 35. a7 Rxa7 36. Rxc3 Ra2+ 37. Kh3 f6 38. exf6+ Kxf6 39. Rc7 h5 40. Rd7 Bc5 41. Rh7 Bg1 42. g4 hxg4+ 43. Kg3 Bf2+ 44. Kxg4 Be3 45. Rh8 Rg2+ 46. Kf3 Rb2 47. Kxe3 Rb3+ 48. Ke4 Rb4+ 49. Kf3 e5 50. Rf8+ Ke6 51. Re8+ Kf6 52. Rxe5 Rb3+ 53. Kg4 Rb2 54. h4 Rg2+ 55. Kf3 Rh2 56. Kg3 Rc2 57. Re3 Rc5 58. Rd3 Rc2 59. Rd6+ Kg7 60. Kg4 Rg2+ 61. Kh3 Rc2 62. Rd7+ Kf6 63. Rd6+ Kg7 64. Rd7+ 1/2-1/2